000 00358 a2200157 4500
001 187735
020 _a85-7160-257-3
040 _cMagnum
100 _aCardoso, Marcos Antônio
240 1 0 _aContando a história do samba
_lpor
245 1 0 _aContando a história do samba
300 _a78
362 0 _a2003
697 _aMÚSICA POPULAR
942 _cBK
999 _c187735
_d187735